ロード中...
Viralsparsam /
| その他の著者: | |
|---|---|
| フォーマット: | Printed Book |
| 言語: | Malayalam |
| 出版事項: |
Thiruvananthapuram:
Chintha,
2008.
|
| 主題: |
| LEADER | 00552cam a2200181ua 4500 | ||
|---|---|---|---|
| 008 | 120419t2008||||||||||| 00 ||mal c | ||
| 041 | 0 | |a mal | |
| 082 | |a M 894.812 3 |b PIN/V | ||
| 245 | 1 | 0 | |a Viralsparsam / |
| 260 | |a Thiruvananthapuram: |b Chintha, |c 2008. | ||
| 300 | |a 160p.. | ||
| 362 | 1 | |a 2008. | |
| 650 | |a Malayalam literature | ||
| 650 | 0 | |a Malayalam fiction | |
| 700 | 0 | 2 | |a Pinto,, C. |
| 942 | |c BK | ||
| 999 | |c 26901 |d 26901 | ||
| 952 | |0 0 |1 0 |4 0 |6 M_894_812000000000000_3_PIN |7 0 |9 28662 |a KUCL |b KUCL |d 2014-05-23 |l 0 |o M 894.812 3 PIN/ |p 28539 |r 2014-05-23 |w 2014-05-23 |y BK | ||